书目信息 |
| 题名: |
基础生态学
|
|
| 作者: | 孙儒咏 编 | |
| 分册: | ||
| 出版信息: | 北京 高等教育出版社 2004 |
|
| 页数: | 325页 | |
| 开本: | 26cm | |
| 丛书名: | ||
| 单 册: | ||
| 中图分类: | Q14 | |
| 科图分类: | ||
| 主题词: | 生物学:生态学 | |
| 电子资源: | ||
| ISBN: | 7-04-011027-X | |
| 000 | 00535nam0 2200193 450 | |
| 001 | 0638715660 | |
| 005 | 20090421091203.18 | |
| 010 | @a7-04-011027-X@dCNY29.50 | |
| 100 | @a20060930d2004 km y0chiy0120 ea | |
| 101 | 0 | @achi |
| 102 | @aCN@b110000 | |
| 200 | 1 | @a基础生态学@Aji chu sheng tai xue@f孙儒咏 等编@Fsun ru yong deng bian |
| 210 | @a北京@c高等教育出版社@d2004 | |
| 215 | @a325页@d26cm | |
| 606 | 0 | @a生物学:生态学 |
| 690 | @aQ14@v3 | |
| 701 | 0 | @a孙儒咏@Asun ru yong@4编 |
| 801 | 0 | @aCN@bPFT@c20090421 |
| 905 | @a10447@dQ14@e101 | |
| 基础生态学/孙儒咏 等编.-北京:高等教育出版社,2004 |
| 325页;26cm |
| ISBN 7-04-011027-X:CNY29.50 |
| ● |
| 相关链接 |
|
|
|
|
正题名:基础生态学
索取号:Q14/101
 
预约/预借
| 序号 | 登录号 | 条形码 | 馆藏地/架位号 | 状态 | 备注 |
| 1 | 0501526 | 205015268 | 密集书库/ [索取号:Q14/101] | 在馆 | |
| 2 | 0501527 | 205015277 | 密集书库/ [索取号:Q14/101] | 在馆 | |
| 3 | 0501528 | 205015286 | 密集书库/ [索取号:Q14/101] | 在馆 | |
| 4 | 0626925 | 206269250 | 密集书库/ [索取号:Q14/101] | 在馆 | |
| 5 | 0626926 | 206269269 | 密集书库/ [索取号:Q14/101] | 在馆 | |
| 6 | 0661982 | 206619827 | 库房3/ [索取号:Q14/101] | 在馆 | |
| 7 | 0661983 | 206619836 | 库房3/ [索取号:Q14/101] | 在馆 | |
| 8 | 0661984 | 206619845 | 库房3/ [索取号:Q14/101] | 在馆 | |
| 9 | 0661985 | 206619854 | 库房3/ [索取号:Q14/101] | 在馆 | |
| 10 | 0661986 | 206619863 | 库房3/ [索取号:Q14/101] | 在馆 | |
| 11 | 0661987 | 206619872 | 库房3/ [索取号:Q14/101] | 在馆 | |
| 12 | 0777690 | 207776904 | 密集书库/ [索取号:Q14/101] | 在馆 | |
| 13 | 0778137 | 207781373 | 密集书库/ [索取号:Q14/101] | 在馆 | |
| 14 | 0778561 | 207785618 | 密集书库/ [索取号:Q14/101] | 在馆 | |
| 15 | 0779855 | 207798551 | 密集书库/ [索取号:Q14/101] | 在馆 | |
| 16 | 0779863 | 207798631 | 密集书库/ [索取号:Q14/101] | 在馆 | |
| 17 | 0787885 | 207878858 | 密集书库/ [索取号:Q14/101] | 在馆 | |
| 18 | 0788604 | 207886046 | 密集书库/ [索取号:Q14/101] | 在馆 |